| 000 | 00503nam a2200169Ia 4500 | ||
|---|---|---|---|
| 999 |
_c8061 _d8061 |
||
| 003 | OSt | ||
| 005 | 20200129125214.0 | ||
| 008 | 190216s9999||||xx |||||||||||||| ||und|| | ||
| 020 | _a9788184843194 | ||
| 040 | _coclc | ||
| 082 |
_a332.6730954 _bPRA/F |
||
| 100 |
_aPrasanna, N _91569 |
||
| 245 | 0 |
_aFDI In India Issues And Challenges / _cN Prasanna |
|
| 260 |
_bRegal Publications, _c2014. _aNew Delhi: |
||
| 300 | _a239p | ||
| 942 |
_cBK _2ddc _h332.6730954 _iPRA/F _k332.6730954 _mPRA/F |
||